| 000 | 00634nam a2200217Ia 4500 | ||
|---|---|---|---|
| 003 | SISC | ||
| 005 | 20180927130556.0 | ||
| 008 | 180918s9999 xx 000 0 und d | ||
| 020 | _a9781260091632 | ||
| 050 |
_aPE 1408 _b .Se519 2019 |
||
| 100 | _aSeyler, Dorothy | ||
| 245 |
_cDorothy Seyler; Allen Brizee _aRead, reason, write: _ban argument text and reader/ |
||
| 250 | _a12th ed. | ||
| 260 |
_aNY: _bMcGraw-Hill Education _c2019 |
||
| 300 |
_a574 pages : _bcolored illustrations ; _c23 cm. |
||
| 500 | _aincludes index | ||
| 650 | _aPersuasion (rhetoric) | ||
| 650 | _aReport writing | ||
| 942 |
_2lcc _cBK |
||
| 999 |
_c358783 _d358783 |
||